00915ngm a2200277 4500003000400000005001700004007000400021008004100025010002000066024002000086035002000106040001300126082001500139245006800154260002800222300005000250440003300300500014000333538004900473650001900522700002600541700001900567700002200586700001800608700001100626dpl20090105104943.0DVD||||||sp199 xxu|||||c ||| 00| 0 ng d  aDVD-001854-1856 aVHIF0310c30.00 aDVD-001854-1856 aDPLcDPL aDVD / ABHI aAbhimaancIndus Video Pvt. Ltd. Presentsh[videorecording] DVD/ bMoserbaer Entertainment a2 videodisc VCD;bsd., col. ;c4 3/4 in.fVCD aMoserbaer Home Entertainment aMoserbaer India Ltd. has obtained the necessary licence/conssent from the owner of the copyright in the wroks for making this DVD Film. aDolby Digital 5.1 - Hindi Subtitles: English aMotion Picture aMukherjee, Hrishikesh aBurman, S. D.  aBachchan, Amitabh aBhaduri, Jaya aAsrani